<?xml version="1.0" encoding="UTF-8"?><?xml-stylesheet type="text/xsl" href="static/style.xsl"?><OAI-PMH xmlns="http://www.openarchives.org/OAI/2.0/" xmlns:xsi="http://www.w3.org/2001/XMLSchema-instance" xsi:schemaLocation="http://www.openarchives.org/OAI/2.0/ http://www.openarchives.org/OAI/2.0/OAI-PMH.xsd"><responseDate>2026-06-06T04:22:48Z</responseDate><request verb="GetRecord" identifier="oai:riuma.uma.es:10630/16352" metadataPrefix="marc">https://riuma.uma.es/rest/oai/request</request><GetRecord><record><header><identifier>oai:riuma.uma.es:10630/16352</identifier><datestamp>2026-02-03T11:59:46Z</datestamp><setSpec>com_10630_2254</setSpec><setSpec>col_10630_37959</setSpec></header><metadata><record xmlns="http://www.loc.gov/MARC21/slim" xmlns:dcterms="http://purl.org/dc/terms/" xmlns:doc="http://www.lyncode.com/xoai" xmlns:xsi="http://www.w3.org/2001/XMLSchema-instance" xsi:schemaLocation="http://www.loc.gov/MARC21/slim http://www.loc.gov/standards/marcxml/schema/MARC21slim.xsd">
   <leader>00925njm 22002777a 4500</leader>
   <datafield ind2=" " ind1=" " tag="042">
      <subfield code="a">dc</subfield>
   </datafield>
   <datafield ind2=" " ind1=" " tag="720">
      <subfield code="a">El-Azaz-Ciudad, Jorge</subfield>
      <subfield code="e">author</subfield>
   </datafield>
   <datafield ind2=" " ind1=" " tag="720">
      <subfield code="a">Cánovas-Ramos, Francisco Miguel</subfield>
      <subfield code="e">author</subfield>
   </datafield>
   <datafield ind2=" " ind1=" " tag="720">
      <subfield code="a">Ávila-Sáez, Concepción</subfield>
      <subfield code="e">author</subfield>
   </datafield>
   <datafield ind2=" " ind1=" " tag="720">
      <subfield code="a">De-la-Torre-Fazio, Fernando Nicolás</subfield>
      <subfield code="e">author</subfield>
   </datafield>
   <datafield ind2=" " ind1=" " tag="260">
      <subfield code="c">2018-07-25</subfield>
   </datafield>
   <datafield ind2=" " ind1=" " tag="520">
      <subfield code="a">Phenylalanine (Phe) biosynthesis in plants is a key process, as Phe serves as&#xd;
precursor of proteins and phenylpropanoids. The prephenate pathway connects&#xd;
chorismate, final product of the shikimate pathway, with the biosynthesis of Phe&#xd;
and Tyr. Two alternative routes of Phe biosynthesis have been reported: one&#xd;
depending of arogenate, and the other of phenylpyruvate. Whereas the arogenate&#xd;
pathway is considered the main route, the role of the phenylpyruvate pathway&#xd;
remains unclear. Here, we report that the deficiency in ADT2, a bifunctional&#xd;
arogenate dehydratase (ADT)/ prephenate dehydratase (PDT) enzyme, causes&#xd;
embryo arrest and seed abortion. This result makes a clear distinction between the&#xd;
essential role of ADT2 and the five remaining ADTs from Arabidopsis, which&#xd;
display mostly overlapping functions. We have found that PHA2, a monofunctional&#xd;
PDT from yeast, restores the adt2 phenotype when is targeted within the plastids,&#xd;
but not when is expressed in the cytosol. Similar results can be obtained by&#xd;
expressing ADT3, a monofunctional ADT. These results suggest that Phe can be&#xd;
synthesized from phenylpyruvate or arogenate when the bifunctional ADT2 is&#xd;
replaced by other ADT or PDT enzymes during seed formation, highlighting the&#xd;
importance of Phe for embryo development, and providing further insights into the&#xd;
plasticity of Phe biosynthesis.</subfield>
   </datafield>
   <datafield ind1="8" ind2=" " tag="024">
      <subfield code="a">https://hdl.handle.net/10630/16352</subfield>
   </datafield>
   <datafield tag="653" ind2=" " ind1=" ">
      <subfield code="a">Fenilalanina - Síntesis</subfield>
   </datafield>
   <datafield ind2="0" ind1="0" tag="245">
      <subfield code="a">The arogenate dehydratase ADT2 is essential for seed development in Arabidopsis</subfield>
   </datafield>
</record>
</metadata></record></GetRecord></OAI-PMH>